| 000 | 00415nam a2200181Ia 4500 | ||
|---|---|---|---|
| 005 | 20250603145807.0 | ||
| 008 | 250603s9999 xx 000 0 und d | ||
| 020 | _a24084910 | ||
| 050 | _aKP 84.5 .B3/ | ||
| 100 | _aBabatunde,Layi. | ||
| 245 | 0 | _aSupreme court Case Law series on tAXATION | |
| 260 | _aAbuja. | ||
| 260 | _bLawbreed. | ||
| 260 | _c2017 | ||
| 300 | _a295 p | ||
| 650 | _aAbuja. | ||
| 942 | _cBK | ||
| 999 |
_c42874 _d42874 |
||